000 00805nam a2200265Ia 4500
003 OSt
005 20220927105734.0
006 a|||||r|||| 00| 0
007 ta
008 220926b |||||||| |||| 00| 0 eng d
020 _a081290978x
024 _a205596
037 _cReference Collections
040 _aRTL
_cRTL
_beng
041 _2eng
_aeng
082 _a"V44Q7:19(C9B3), M1"
100 _aWEISSMAN Steve
_9374612
245 0 _aIslamic Bomb
_b The nuclear threat to Israel and the Middle East
260 _aNew
_b"York, Times Book, "
_c1981
300 _a"viii,339p"
_ccm.
500 _aBibliography chapterwise
700 _a KROSNEY Herbert
_9374613
942 _h"V44Q7:19(C9B3), M1"
_cCC
999 _c694275
_d694275